Performance management and appraisal systems : (Record no. 5)
[ view plain ]
| 000 -LEADER | |
|---|---|
| fixed length control field | 00896cam a22002654a 4500 |
| 001 - CONTROL NUMBER | |
| control field | 13395660 |
| 005 - DATE AND TIME OF LATEST TRANSACTION | |
| control field | 20231101141001.0 |
| 008 - FIXED-LENGTH DATA ELEMENTS--GENERAL INFORMATION | |
| fixed length control field | 031105s2004 ii a b 001 0 eng |
| 020 ## - INTERNATIONAL STANDARD BOOK NUMBER | |
| ISBN | 0761998462 (USHB) |
| 020 ## - INTERNATIONAL STANDARD BOOK NUMBER | |
| ISBN | 0761998470 (USPB) |
| 020 ## - INTERNATIONAL STANDARD BOOK NUMBER | |
| ISBN | 8178293633 (IndiaHB) |
| 020 ## - INTERNATIONAL STANDARD BOOK NUMBER | |
| ISBN | 8178293641 (IndiaPB) |
| 040 ## - CATALOGING SOURCE (பட்டியலாக்க மூலம்) | |
| Original cataloging agency | DLC |
| Transcribing agency | DLC |
| Modifying agency | DLC |
| 082 00 - DDC Classification | |
| Class No. | 658.3/125 |
| DDC Edition Number | 22 |
| 100 1# - MAIN ENTRY--PERSONAL NAME | |
| Personal name | Venkateswara Rao, T. |
| 245 10 - TITLE STATEMENT | |
| Title | Performance management and appraisal systems : |
| Remainder of title | HR tools for global competitiveness / |
| Statement of responsibility, etc. | T.V. Rao. |
| 260 ## - PUBLICATION, DISTRIBUTION, ETC. | |
| Place of publication, distribution, etc. | New Delhi ; |
| -- | Thousand Oaks : |
| Name of publisher, distributor, etc. | Response Books, a division of Sage Publications, |
| Date of publication, distribution, etc. | 2004. |
| 300 ## - PHYSICAL DESCRIPTION | |
| Extent (e.g. Volumes, Pages etc.) | xix, 330 p. : |
| 650 #0 - SUBJECT ADDED ENTRY--TOPICAL TERM | |
| Topical term or geographic name entry element | Personnel management. |
| 650 #0 - SUBJECT ADDED ENTRY--TOPICAL TERM | |
| Topical term or geographic name entry element | Performance |
| 650 #0 - SUBJECT ADDED ENTRY--TOPICAL TERM | |
| Topical term or geographic name entry element | Employees |
| 856 41 - ELECTRONIC LOCATION AND ACCESS | |
| Uniform Resource Identifier | <a href="http://www.loc.gov/catdir/toc/ecip0411/2003024363.html">http://www.loc.gov/catdir/toc/ecip0411/2003024363.html</a> |
| 856 42 - ELECTRONIC LOCATION AND ACCESS | |
| Uniform Resource Identifier | <a href="http://www.loc.gov/catdir/enhancements/fy0657/2003024363-d.html">http://www.loc.gov/catdir/enhancements/fy0657/2003024363-d.html</a> |
| 942 ## - Koha item type (Biblio) | |
| Koha item type | |
No items available.
